01183nam a22003257a 4500003000500000005001700005008004100022010001000063011001000073035001000083040000900093082001500102100003100117245008300148260004800231300003000279590004100309590004100350590004100391590004100432590004100473590004200514650002800556650003300584901000700617942001000624949006800634999001700702952013800719CHAP20220329140639.0971013s1988 r 00010 d a55320 a56292 a60445 cCHAP a581.82bS300aSauer, Jonathan D.9102742 aPlant migrationb: the dynamics of geographic patterning in seed plant species aBerkeley :bUniversity of California,c1988 a282 p.b: ilus ; gráfs. aBATCH-UPDb10c20130110lUCH01h0238 aBATCH-UPDb10c20130110lUCH01h2011 aBATCH-UPDb10c20130409lUCH01h2304 aBATCH-UPDb10c20130410lUCH01h1330 aBATCH-UPDb10c20130914lUCH01h1415 aCONVERSIONb10c20130109lUCH01h133014aFitogeografía.94115714aPlantasxMigración.988860 aBK cLIBRO a581.82 S3bBCcLIBROd-130298eLIBROgI.147707h76251i60445si c55320d55320 00102ddc4052708GRALaBCbBCcPA_GRALd2019-12-31eI.147707fLIBROl0o581.82 S3p-130298r2019-12-31 00:00:00w2019-12-31yLIBRO